000 01174nam a2200289 a 4500
001 000004309
005 20200929151425.0
008 090721s2003 dr 000 0 spa d
040 _aDO-SdBNP
_bspa
_cBNPHU
082 _a248.6
_bS211m
100 1 _aSánchez, Susana
_92135
245 1 0 _aMás allá del púlpito :
_bla pastoral compasiva de la iglesia /
_cSusana Sánchez ; prólogo Regina Musselman-Pérez.
260 _aSanto Domingo :
_bLetra Gráfica,
_c2003.
300 _a287 p. ;
_c23 cm.
490 1 _aPensamiento teológico
500 _aUn grito de sufrimiento y un signo de esperanza: una pastoral caribeña con ojos de mujer para el siglo XXI.
504 _aIncluye referencias bibliográficas y notas al pie de las páginas.
504 _aBibliografía : p. 277-287.
590 _aInventariado, 2018/ YL
610 2 0 _aIGLÉSIA EVANGÉLICA DOMINICANA
_9997
650 4 _aIglesias protestantes
_9998
650 4 _aCristianismo
_zRepública Dominicana
_xHistoria
_912720
650 4 _aTeología pastoral
_93734
700 1 _aMusselman-Pérez, Regina,
_epról.
_912721
830 0 _aPensamiento teológico
_92138
910 _aValidado. Control de calidad. EMS
999 _c4118
_d4118